00391nam a2200157Ia 4500008004100000041000800041082002100049100001800070245004200088260003400130300000800164365001600172710001800188906000800206999001900214230312s9999 xx 000 0 und d aeng a513bAGG/035759  aAggarwal R.S. aArithmetic:bSubjective And Objective c2010bS. Chand & Company Ltd. a549 cRs.b260.00 aAggarwal R.S. b195 c132863d132863